000
00207nam a22000857a 4500
008
170215b xxu||||| |||| 00| 0 eng d
100
_9
2881
_a
Paul.G.
245
_a
Ques for the Best-VIII
260
_a
New Delhi
_c
2014
999
_c
6108
_d
6108